00753nam a22002297a 4500003000500000005001700005008004100022010001000063011001000073020001500083035001100098040000900109082001800118245013300136260002700269300003100296490002500327650003400352650003200386710008000418830002500498CHAP20220329143452.0091123s2003 fr r 00010 eng d a97120 a98092 a9264100261 a108772 cCHAP04a658.4038bM4600aMeasuring knowledge management in the business sector :bfirst stepsc/by Organisation for Economic Co-operation and Development aParís :bOECD,c2003 a219 p. :bgráfs., tablas 0aKnowledge management14aAdministración de empresas.14aConocimiento, Teoría del.0 aOrganización para la Cooperación y el Desarrollo Económicos. París. 0aKnowledge management